International Financial Management (Record no. 3668)

MARC details
005 - DATE AND TIME OF LATEST TRANSACTION
control field 20250613083603.0
020 ## - INTERNATIONAL STANDARD BOOK NUMBER
International Standard Book Number 978-0-07-299686-9
082 ## - DEWEY DECIMAL CLASSIFICATION NUMBER
Classification number 658.15EUN
100 ## - MAIN ENTRY--PERSONAL NAME
Author name EUN, S. C
245 ## - TITLE STATEMENT
Title International Financial Management
250 ## - EDITION STATEMENT
Edition statement 4th Ed.
260 ## - PUBLICATION, DISTRIBUTION, ETC.
Place of publication, distribution, etc. New York
Name of publisher, distributor, etc. McGraw-Hill Irwin
Date of publication, distribution, etc. 2007.
300 ## - PHYSICAL DESCRIPTION
Extent xxiii,536p.
Other physical details Glossary and Index
Dimensions 28 cm
700 ## - ADDED ENTRY--PERSONAL NAME
Other authors/Editors Bruce G. Resnick
942 ## - ADDED ENTRY ELEMENTS (KOHA)
Source of classification or shelving scheme Dewey Decimal Classification
Koha item type Books
Holdings
Date last seen Total checkouts Full call number Barcode Cost, replacement price Price effective from Koha item type Lost status Source of classification or shelving scheme Damaged status Not for loan Withdrawn status Home library Current library Shelving location Date acquired Source of acquisition Cost, normal purchase price
06/11/2025   658.15 EUN MZA000728 150000.00 06/11/2025 Books   Dewey Decimal Classification       CBE Mwanza CBE Mwanza General Collection 07/01/2007 Library Budget 50000.00
06/11/2025   658.15 EUN MZA000729 150000.00 06/11/2025 Books   Dewey Decimal Classification       CBE Mwanza CBE Mwanza General Collection 07/01/2007 Library Budget 50000.00
06/11/2025   658.15 EUN MZA000740 150000.00 06/11/2025 Books   Dewey Decimal Classification       CBE Mwanza CBE Mwanza General Collection 07/01/2007 Library Budget 50000.00